التعلم عن بعد التعليم الالكترونى - و أثره فى تغيير اتجاهات المجتمعات العربية : (رقم التسجيلة. 79982)
[ عرض عادي ]
| 000 -LEADER | |
|---|---|
| fixed length control field | 03123cam a2200265 a 4500 |
| 003 - CONTROL NUMBER IDENTIFIER | |
| control field | EG-GiCUC |
| 005 - DATE AND TIME OF LATEST TRANSACTION | |
| control field | 20250223032707.0 |
| 008 - FIXED-LENGTH DATA ELEMENTS--GENERAL INFORMATION | |
| fixed length control field | 210221s2020 ua f m 000 0 ara d |
| 040 ## - CATALOGING SOURCE | |
| Original cataloging agency | EG-GiCUC |
| Language of cataloging | ara |
| Transcribing agency | EG-GiCUC |
| 041 0# - LANGUAGE CODE | |
| Language code of text/sound track or separate title | ara |
| 049 ## - LOCAL HOLDINGS (OCLC) | |
| Holding library | اهداء |
| 097 ## - Thesis Degree | |
| Thesis Level | ماجستير |
| 099 ## - LOCAL FREE-TEXT CALL NUMBER (OCLC) | |
| Classification number | Cai01.34.M.Sc.2020.خي.ت |
| 100 0# - MAIN ENTRY--PERSONAL NAME | |
| Personal name | خيرات فضل سلمان أبو القمبز |
| 245 12 - TITLE STATEMENT | |
| Title | التعلم عن بعد التعليم الالكترونى - و أثره فى تغيير اتجاهات المجتمعات العربية : |
| Remainder of title | التعليم الدينى بفلسطين أنموذجا / |
| Statement of responsibility, etc. | خيرات فضل سلمان أبو القمبز ؛ إشراف محمد رفيق الإسلام |
| 260 ## - PUBLICATION, DISTRIBUTION, ETC. | |
| Place of publication, distribution, etc. | القاهرة : |
| Name of publisher, distributor, etc. | خيرات فضل سلمان أبو القمبز : |
| Date of publication, distribution, etc. | 2020 |
| 300 ## - PHYSICAL DESCRIPTION | |
| Extent | 144ص ؛ |
| Dimensions | 30سم |
| 502 ## - DISSERTATION NOTE | |
| Dissertation note | اطروحة (ماجستير) - جامعة الإسلامية العالمية - مكتب تمثيل جامعة التضامن الفرنسية العربية بدولة النيجر - قسم الدعوة و الثقافة الإسلامية |
| 520 ## - SUMMARY, ETC. | |
| Summary, etc. | استهدفت الدراسة التعليم عن بعد لدى طلبة الجامعات العربية: و فلسطين كأنموذج للدراسة و أظهرت الدراسة أهمية التعليم عن بعد: و أهدافه: و ما هى المعوقات لدى الدول العربية فى استخدامه: كما تناولت أثر التعليم عن بعد على المجتمعات العربية و كيفية تعامل المجتمعات العربية مع هذا التقدم العلمى و خاصة فى عصر العولمة. و الجدير بالذكر أن الدراسة قد أظهرت دور السوشيال ميديا للتعليم الإلكترونى: و مدى تأثر الطلاب و انخراطهم عبر صفحات التواصل: لتبادل المعلومات عبر الإنترنت (أون لاين). و تناولت الدراسة عينة من أساتذة الجامعات لإجراء مقابلات مباشرة مسجلة لإبراز دور التعليم الإلكترونى و مدى تقبل الطلبة له: و الإمكانات المتاحة: فقد احتوت هذه الدراسة على ما يلى: تعريف التعليم عن بعد و أهميته و أهدافه و معوقاته: و تناولت ايضا التعليم الدينى و جودة التعليم عن بعد. أثر التعليم عن بعد على المجتمعات العربية و الفلسطينية كأنموذج للدراسة كما تناولت دور وسائل التواصل الاجتماعى فى التعليم الالكترونى. و تناولت الدراسة عينه من أساتذه الجامعات الفلسطينية الحكومية و الخاصة لمعرفة مدى قدرة الجامعات على استمرارية التعليم عن بعد |
| 700 0# - ADDED ENTRY--PERSONAL NAME | |
| Personal name | محمد رفيق الإسلام : |
| Relator term | |
| 856 ## - ELECTRONIC LOCATION AND ACCESS | |
| Uniform Resource Identifier | <a href="http://172.23.153.220/th.pdf">http://172.23.153.220/th.pdf</a> |
| 905 ## - LOCAL DATA ELEMENT E, LDE (RLIN) | |
| Cataloger | Nazla |
| Reviser | Revisor |
| 905 ## - LOCAL DATA ELEMENT E, LDE (RLIN) | |
| Cataloger | Samia |
| Reviser | Cataloger |
| 942 ## - ADDED ENTRY ELEMENTS (KOHA) | |
| Source of classification or shelving scheme | Dewey Decimal Classification |
| Koha item type | Thesis |
| Source of classification or shelving scheme | Not for loan | Home library | Current library | Date acquired | Full call number | Barcode | Date last seen | Koha item type |
|---|---|---|---|---|---|---|---|---|
| Dewey Decimal Classification | المكتبة المركزبة الجديدة - جامعة القاهرة | قاعة الرسائل الجامعية - الدور الاول | 11.02.2024 | Cai01.34.M.Sc.2020.خي.ت | 01010100028019000 | 22.09.2023 | Thesis |